000 00489cam a2200205ua 4500
001 7070
005 20260515114140.0
008 141122n ii |||gr||||Z||||||eng
020 _a9789380626406
040 _cMAIN
041 _aeng
082 _a330
100 _aAggarwal, Dinesh,
_eAuthor.
245 1 _aGlobalization & the Indian economy
_cBy Dinesh Aggarwal
250 _a1st.
260 _aJaipur:
_bPrateeksha,
_c2011.
300 _av,248p.
653 _aEconomics
942 _cBK
999 _c6194
_d6194